| 000 | 00429nam a2200145Ia 4500 | ||
|---|---|---|---|
| 008 | 231129s2008||||xx |||||||||||||| ||spa|| | ||
| 020 | _a978-84-481-6103-3 | ||
| 040 | _bspa | ||
| 082 | _a796.019 D723p | ||
| 100 | _aDosil Díaz Joaquín | ||
| 245 | 0 | _aPsicología de la actividad física y del deporte | |
| 260 | _c2008 | ||
| 264 | _aMadrid España : McGraw-Hill | ||
| 942 |
_2ddc _cBKS |
||
| 999 |
_c23452 _d23452 |
||